Statistiques concernant Bande Organisée - Couplet 2 : Kofs

Cliquez ici pour prendre le quiz!

Statistiques générales

  • Ce quiz a été pris 68 fois
  • Le résultat moyen est 29 sur 70

Statistiques - réponses

% Correct
à
100%
après,
100%
bague
100%
déja
100%
deux
100%
J'ai
100%
j'lai
100%
la
100%
mois
100%
passé
100%
Tchikita,
94%
un
94%
bâtard,
92%
p'tit
92%
T'es
86%
un
84%
j'suis
82%
quittée
82%
capitaine,
69%
le
69%
j'suis
67%
J'suis
67%
un
67%
Diakité
55%
c'est
22%
la
20%
morts
20%
nique
20%
tes
20%
bébé
18%
c'est
18%
la
18%
le
18%
les
18%
les
18%
les
18%
Marseille,
18%
Nord
18%
quartiers
18%
quartiers
18%
Sud,
18%
sur
18%
amor,
16%
Canebière,
16%
c'est
16%
douane,
16%
j'passe
16%
la
16%
le
16%
mère
16%
mère
16%
Mi
16%
morts
16%
Nabba,
16%
Nique
16%
nique
16%
Nique
16%
rapports
16%
Sport,
16%
sur
16%
sur
16%
sur
16%
ta
16%
ta
16%
tes
16%
Vieux-Port
16%
1.3
14%
Audi
14%
Canebière,
14%
Vieux-Port
14%

Distribution des résultats

Percentile par nombre de réponses

% des personnes avec chaque résultat

Votre développement - résultats

Vous n’avez pas pris ce quiz